<?xml version="1.0" encoding="UTF-8"?>
<record
    xmlns:xsi="http://www.w3.org/2001/XMLSchema-instance"
    xsi:schemaLocation="http://www.loc.gov/MARC21/slim http://www.loc.gov/standards/marcxml/schema/MARC21slim.xsd"
    xmlns="http://www.loc.gov/MARC21/slim">

  <leader>01047cam a2200229 a 4500</leader>
  <controlfield tag="001">000007168</controlfield>
  <controlfield tag="005">20200929154102.0</controlfield>
  <controlfield tag="008">751015s1995    sp a          000 0bspa  </controlfield>
  <datafield tag="020" ind1=" " ind2=" ">
    <subfield code="a">8478202404</subfield>
  </datafield>
  <datafield tag="040" ind1=" " ind2=" ">
    <subfield code="a">DO-SdBNP</subfield>
    <subfield code="d">BNPHU</subfield>
  </datafield>
  <datafield tag="082" ind1=" " ind2=" ">
    <subfield code="a">923.1</subfield>
    <subfield code="b">S194i, 1995</subfield>
  </datafield>
  <datafield tag="100" ind1="1" ind2=" ">
    <subfield code="a">San Vicente Pino, &#xC1;ngel.</subfield>
    <subfield code="9">19905</subfield>
  </datafield>
  <datafield tag="245" ind1="1" ind2="0">
    <subfield code="a">Isabel de Arag&#xF3;n :</subfield>
    <subfield code="b">reina santa de Portugal /</subfield>
    <subfield code="c">&#xC1;ngel San Vicente Pino.</subfield>
  </datafield>
  <datafield tag="250" ind1=" " ind2=" ">
    <subfield code="a">2a ed. renovada.</subfield>
  </datafield>
  <datafield tag="260" ind1=" " ind2=" ">
    <subfield code="a">Zaragoza, Espa&#xF1;a :</subfield>
    <subfield code="b">Instituci&#xF3;n "Fernando el Cat&#xF3;lico",</subfield>
    <subfield code="c">1995.</subfield>
  </datafield>
  <datafield tag="300" ind1=" " ind2=" ">
    <subfield code="a">211 p. :</subfield>
    <subfield code="b">il. ;</subfield>
    <subfield code="c">22 cm.</subfield>
  </datafield>
  <datafield tag="490" ind1="1" ind2=" ">
    <subfield code="a">Publicaci&#xF3;n no. 1.679 de la Instituci&#xF3;n "Fernando el Cat&#xF3;lico" de la Exema Diputaci&#xF3;n provincial de Zaragosa ;</subfield>
    <subfield code="v">no. 1</subfield>
    <subfield code="a">Temas aragoneses</subfield>
  </datafield>
  <datafield tag="600" ind1="0" ind2="0">
    <subfield code="a">ISABEL,</subfield>
    <subfield code="c">REINA CONSORTE DE DIONISIO I, REY DE PORTUGAL,</subfield>
    <subfield code="d">1271-1336.</subfield>
    <subfield code="9">19906</subfield>
  </datafield>
  <datafield tag="650" ind1=" " ind2="4">
    <subfield code="a">Portugal</subfield>
    <subfield code="x">Historia</subfield>
    <subfield code="y">1282-1336</subfield>
    <subfield code="9">19907</subfield>
  </datafield>
  <datafield tag="830" ind1=" " ind2="0">
    <subfield code="a">Publicaci&#xF3;n no. 1.679 de la Instituci&#xF3;n "Fernando el Cat&#xF3;lico" de la Exema Diputaci&#xF3;n provincial de Zaragosa ;</subfield>
    <subfield code="v">no. 1</subfield>
    <subfield code="p">Temas aragoneses</subfield>
    <subfield code="9">19908</subfield>
  </datafield>
  <datafield tag="910" ind1=" " ind2=" ">
    <subfield code="a">Catalogaci&#xF3;n derivada.</subfield>
  </datafield>
  <datafield tag="952" ind1=" " ind2=" ">
    <subfield code="0">0</subfield>
    <subfield code="1">0</subfield>
    <subfield code="5">2</subfield>
    <subfield code="7">0</subfield>
    <subfield code="8">MO</subfield>
    <subfield code="a">GR</subfield>
    <subfield code="b">GR</subfield>
    <subfield code="c">CT</subfield>
    <subfield code="d">2009-09-05</subfield>
    <subfield code="i">LF1</subfield>
    <subfield code="l">0</subfield>
    <subfield code="o">923.1 S194i, 1995</subfield>
    <subfield code="p">7168-10</subfield>
    <subfield code="r">2020-06-25</subfield>
    <subfield code="w">2020-06-25</subfield>
    <subfield code="y">2</subfield>
    <subfield code="Z">Pr&#xE9;stamo interno</subfield>
  </datafield>
  <datafield tag="999" ind1=" " ind2=" ">
    <subfield code="c">6949</subfield>
    <subfield code="d">6949</subfield>
  </datafield>
</record>
